Man Outruns Slow Animals - Sudden Death - Statistics

General Stats
  • This quiz has been taken 92,783 times
  • The average score is 12 of 22
Answers on the Grid
Answers color-coded by a green-red scale on the quiz's grid according to % correct below.
Axolotl
Basilisk lizard
Black bear
Brown bear
Cheetah
Coyote
Echidna
Emperor penguin
Giraffe
Hedgehog
Horse
Jackrabbit
Kangaroo
Koala
Komodo dragon
Lion
Moose
Naked-Mole rat
Newt
Octopus
Orangutan
Ostrich
Panda bear
Rhinoceros
Sand crab
Silkworm
Sloth
Snail
Springbok
Squirrel
Stag beetle
Tarantula
Tasmanian devil
Vole
Wildebeest
Wolf spider
 
Answer Stats
Answer % Correct
Axolotl
81%
Emperor penguin
66%
Snail
65%
Hedgehog
64%
Sloth
63%
Koala
61%
Sand crab
60%
Silkworm
59%
Tarantula
58%
Octopus
56%
Wolf spider
56%
Naked-Mole rat
54%
Stag beetle
54%
Basilisk lizard
53%
Echidna
50%
Newt
49%
Panda bear
44%
Squirrel
42%
Vole
41%
Orangutan
37%
Komodo dragon
36%
Tasmanian devil
30%
No matching quizzes found
Score Distribution
Percent of People with Each Score
Percentile by Number Answered
Your Score History
You have not taken this quiz